000 00438nam a2200157 i 4500
001 95789
003 ES-MaACL
005 20230906181755.0
007 t|
008 050606s1931 fr ||||1| fre d
100 1 _aMabille de Poncheville, André.
_974997
245 1 4 _aLes maîtres de l'Art Boilly /
_cpar André Mabille de Poncheville.
260 _aParis :
_bPlon,
_c1931.
300 _a172 p. ;
_c21 cm.
852 _aES-MaACL
_jF-13929
999 _c95789
_d95789